[Event "As CC-ch B"]
[Site "As"]
[Date "2018.01.25"]
[Round "3"]
[White "Stensland, Martin"]
[Black "Bakken, Svein Erik"]
[Result "0-1"]
[WhiteElo "1245"]
[BlackElo "1617"]
[PlyCount "76"]
[EventDate "2018.01.11"]
[EventType "swiss"]
[EventRounds "9"]
[EventCountry "NOR"]
[SourceTitle "EXT 2024"]
[Source "ChessBase"]
[SourceDate "2023.10.10"]
[SourceVersion "1"]
[SourceVersionDate "2023.10.10"]
[SourceQuality "1"]

1. Nf3 d5 2. d4 Nf6 3. Nc3 e6 4. a3 c5 5. Bg5 Nc6 6. e3 a6 7. Be2 cxd4 8. exd4 Be7 9. 0-0 b5 10. Ne5 Qb6 11. Nxc6 Qxc6 12. Bf3 0-0 13. Re1 Bb7 14. Ne2 Rac8 15. c3 Qd7 16. Ng3 h6 17. Bxf6 Bxf6 18. Nh5 Bg5 19. Ng3 Bf4 20. Nf1 a5 21. g3 Bd6 22. Be2 b4 23. axb4 axb4 24. Qb3 bxc3 25. Bb5 Qc7 26. bxc3 Qxc3 27. Qa4 Ra8 28. Qd1 Rxa1 29. Qxa1 Rc8 30. Qa7 Qxe1 31. Qxb7 Rf8 32. Qd7 Qb4 33. Kg2 Be7 34. Qb7 Bf6 35. Ne3 Qxd4 36. h3 Qb2 37. Ng4 Bd4 38. Qd7 h5 0-1

[Event "As CC-ch B"]
[Site "As"]
[Date "2017.03.23"]
[Round "8"]
[White "Petersen, Rune J"]
[Black "Stensland, Martin"]
[Result "0-1"]
[WhiteElo "875"]
[BlackElo "1082"]
[PlyCount "74"]
[EventDate "2017.01.12"]
[EventType "swiss"]
[EventRounds "9"]
[EventCountry "NOR"]
[SourceTitle "EXT 2024"]
[Source "ChessBase"]
[SourceDate "2023.10.10"]
[SourceVersion "1"]
[SourceVersionDate "2023.10.10"]
[SourceQuality "1"]

1. d4 d5 2. Nf3 Nc6 3. e3 Nf6 4. c4 Bf5 5. Nc3 Nb4 6. Qa4+ Nc6 7. cxd5 Nxd5 8. Ne5 Nxc3 9. bxc3 Bd7 10. Nxd7 Qxd7 11. Be2 e6 12. 0-0 Be7 13. Bb2 0-0 14. Bf3 Rab8 15. c4 Qe8 16. c5 f6 17. Bc3 Kh8 18. Rfb1 Nd8 19. Qc4 Qg6 20. Rb3 e5 21. dxe5 fxe5 22. Be4 Qf6 23. f3 Qg5 24. Bd2 c6 25. Qd3 g6 26. Qc2 Ne6 27. Bxc6 bxc6 28. Rxb8 Rxb8 29. Rb1 Rf8 30. e4 Nf4 31. Bxf4 exf4 32. Qc3+ Bf6 33. Qc4 h5 34. Rb7 a5 35. Rc7 Rd8 36. Qb3 Qxc5+ 37. Kh1 Qc1+ 0-1

[Event "AS CC-ch B"]
[Site "As"]
[Date "2016.04.14"]
[Round "9"]
[White "Sandvik, Sander"]
[Black "Stensland, Martin"]
[Result "1-0"]
[WhiteElo "1074"]
[BlackElo "1146"]
[PlyCount "79"]
[EventDate "2016.01.14"]
[EventType "swiss"]
[EventRounds "9"]
[EventCountry "NOR"]
[SourceTitle "EXT 2024"]
[Source "ChessBase"]
[SourceDate "2023.10.10"]
[SourceVersion "1"]
[SourceVersionDate "2023.10.10"]
[SourceQuality "1"]

1. e4 Nc6 2. Nf3 e5 3. c3 Nf6 4. d4 exd4 5. e5 Ne4 6. Qe2 Nc5 7. cxd4 Ne6 8. d5 Ned4 9. Nxd4 Nxd4 10. Qe4 Bb4+ 11. Bd2 Bxd2+ 12. Nxd2 c5 13. dxc6 Nxc6 14. Nc4 0-0 15. Bd3 g6 16. 0-0 Re8 17. Qf4 Rf8 18. Nd6 Ne7 19. Bc4 Kg7 20. Qf6+ Kh6 21. Nxf7+ Rxf7 22. Qxf7 d5 23. exd6 Nf5 24. Qc7 Qxd6 25. Qxd6 Nxd6 26. Bd3 Bf5 27. Bxf5 Nxf5 28. Rfd1 Re8 29. Kf1 b5 30. Rac1 Re5 31. Rd7 a5 32. Rcc7 Kg5 33. Rxh7 Rd5 34. Rhd7 Re5 35. g3 Kg4 36. Rd2 Re4 37. Rc3 Nd4 38. Re3 Nf3 39. Rxe4+ Kf5 40. Rf4+ 1-0

[Event "AS CC-ch B"]
[Site "As"]
[Date "2016.01.28"]
[Round "3"]
[White "Stensland, Martin"]
[Black "Johnsen, Henrik Evjen"]
[Result "0-1"]
[WhiteElo "1146"]
[BlackElo "516"]
[PlyCount "86"]
[EventDate "2016.01.14"]
[EventType "swiss"]
[EventRounds "9"]
[EventCountry "NOR"]
[SourceTitle "EXT 2024"]
[Source "ChessBase"]
[SourceDate "2023.10.10"]
[SourceVersion "1"]
[SourceVersionDate "2023.10.10"]
[SourceQuality "1"]

1. d4 Nf6 2. Nf3 d5 3. Nc3 Nc6 4. Bf4 Ne4 5. Nb5 Nd6 6. Nc3 Bf5 7. a3 e6 8. h3 Nc4 9. Rb1 Bd6 10. Bg5 f6 11. Bh4 g5 12. Bg3 Bxg3 13. fxg3 Ne3 14. Qd2 Nxc2+ 15. Kf2 Qd6 16. Rc1 e5 17. Rxc2 Bxc2 18. Qxc2 Nxd4 19. Nxd4 exd4 20. Nb5 Qb6 21. Qd3 c6 22. Nd6+ Kd7 23. Nf5 Qxb2 24. Nxd4 Qb6 25. e3 Rae8 26. Qf5+ Kd6 27. Qd3 Qb2+ 28. Kg1 Qa1 29. Nf5+ Kc7 30. Kh2 Re4 31. Be2 Qb2 32. Rb1 Qe5 33. Nh6 Rxe3 34. Qf5 Rxe2 35. Qxe5+ fxe5 36. Rf1 d4 37. Rf7+ Kb6 38. Nf5 Rf2 39. g4 Rd8 40. Rxh7 d3 41. Ne3 d2 42. Nc4+ Ka6 43. Nxd2 Rdxd2 0-1

[Event "Follo CC-ch"]
[Site "Follo"]
[Date "2015.03.05"]
[Round "6"]
[White "Stensland, Martin"]
[Black "Simonsen, Steinar"]
[Result "0-1"]
[WhiteElo "1174"]
[BlackElo "1300"]
[PlyCount "68"]
[EventDate "2015.01.15"]
[EventType "swiss"]
[EventRounds "9"]
[EventCountry "NOR"]
[SourceTitle "EXT 2017"]
[Source "ChessBase"]
[SourceDate "2016.10.25"]
[SourceVersion "1"]
[SourceVersionDate "2016.10.25"]
[SourceQuality "1"]

1. Nf3 e6 2. c4 Nf6 3. Nc3 d5 4. a3 dxc4 5. Qa4+ Nbd7 6. Qxc4 Nb6 7. Qb3 Bd6 8. Nb5 0-0 9. Nxd6 cxd6 10. d3 Bd7 11. Bg5 Ba4 12. Qb4 Rc8 13. g3 h6 14. Bxf6 Qxf6 15. Bg2 d5 16. 0-0 Rc2 17. b3 Bc6 18. Nd4 Rd2 19. Qxd2 Qxd4 20. e3 Qf6 21. d4 h5 22. h4 e5 23. a4 Re8 24. f4 exd4 25. Qxd4 Qg6 26. Rac1 Qxg3 27. Rf3 Qxh4 28. Rh3 Qg4 29. Rf3 h4 30. f5 Re4 31. Qd2 d4 32. Rf4 Rxf4 33. exf4 h3 34. Rxc6 bxc6 0-1

[Event "As CC-ch B"]
[Site "As"]
[Date "2014.03.27"]
[Round "8"]
[White "Stensland, Martin"]
[Black "Aalmo, Alexander"]
[Result "1-0"]
[WhiteElo "1170"]
[BlackElo "1098"]
[PlyCount "120"]
[EventDate "2014.01.16"]
[EventType "swiss"]
[EventRounds "9"]
[EventCountry "NOR"]
[SourceTitle "EXT 2024"]
[Source "ChessBase"]
[SourceDate "2023.10.10"]
[SourceVersion "1"]
[SourceVersionDate "2023.10.10"]
[SourceQuality "1"]

1. d4 d5 2. Bf4 Nf6 3. e3 e6 4. Nf3 c5 5. Nc3 a6 6. h3 Bd7 7. Ne5 Qb6 8. Rb1 cxd4 9. exd4 Bb4 10. Be2 Ne4 11. 0-0 Nf6 12. a3 Be7 13. Bg5 Qc7 14. Bh4 Bc8 15. Bf3 Bxa3 16. Ne2 Be7 17. b3 Nc6 18. Nd3 b5 19. b4 h6 20. Nc5 Nd7 21. Bxe7 Nxe7 22. Qd2 Nxc5 23. bxc5 Bb7 24. c3 0-0 25. Nf4 Nc6 26. Rfe1 e5 27. Nxd5 Qd8 28. Nb6 Rb8 29. d5 Re8 30. Qa2 Na7 31. Rbd1 Qc7 32. Be4 Rbd8 33. d6 Qxc5 34. d7 Re7 35. Nc8 Bxc8 36. dxc8Q Qxc8 37. Rxd8+ Qxd8 38. Qxa6 Qd7 39. Qa3 Kf8 40. Qb3 Kg8 41. Rd1 Qc7 42. Qb4 Re8 43. Qb3 Rc8 44. Qb4 g6 45. Bxg6 fxg6 46. Qb3+ Qc4 47. Qb2 Qxc3 48. Rd8+ Kf7 49. Rd7+ Kf6 50. Qa2 Qc1+ 51. Kh2 Qf4+ 52. g3 Qc4 53. Qxa7 Rc6 54. Qe3 Qe6 55. Rd8 g5 56. Qf3+ Kg6 57. Qe4+ Kg7 58. Rb8 Rc5 59. Rb7+ Kf8 60. Qh7 Qf6 1-0

[Event "As CC-ch B"]
[Site "As"]
[Date "2014.02.27"]
[Round "5"]
[White "Simonsen, Steinar"]
[Black "Stensland, Martin"]
[Result "0-1"]
[WhiteElo "1333"]
[BlackElo "1170"]
[PlyCount "44"]
[EventDate "2014.01.16"]
[EventType "swiss"]
[EventRounds "9"]
[EventCountry "NOR"]
[SourceTitle "EXT 2024"]
[Source "ChessBase"]
[SourceDate "2023.10.10"]
[SourceVersion "1"]
[SourceVersionDate "2023.10.10"]
[SourceQuality "1"]

1. c4 e5 2. Nc3 Nf6 3. Nf3 Nc6 4. g3 Be7 5. Bg2 0-0 6. 0-0 a6 7. d4 exd4 8. Nxd4 Ne5 9. b3 h6 10. Bf4 d6 11. Qc2 Rb8 12. Rad1 c5 13. Bxe5 cxd4 14. Bxd4 Bd7 15. e4 Qc7 16. Rfe1 Rfe8 17. Bxf6 Bxf6 18. Nd5 Qd8 19. Nxf6+ Qxf6 20. Qd3 Bc6 21. Qxd6 Qc3 22. Rd3 Qxe1+ 0-1

[Event "As Follo CC-ch"]
[Site "As"]
[Date "2013.03.14"]
[Round "6"]
[White "Aalmo, Alexander"]
[Black "Stensland, Martin"]
[Result "1-0"]
[WhiteElo "1129"]
[BlackElo "1153"]
[PlyCount "61"]
[EventDate "2013.01.17"]
[EventType "swiss"]
[EventRounds "9"]
[EventCountry "NOR"]
[SourceTitle "EXT 2024"]
[Source "ChessBase"]
[SourceDate "2023.10.10"]
[SourceVersion "1"]
[SourceVersionDate "2023.10.10"]
[SourceQuality "1"]

1. d4 d5 2. c4 c6 3. Nf3 Nf6 4. Bg5 Bg4 5. e3 h6 6. Bh4 Nbd7 7. cxd5 cxd5 8. h3 Bh5 9. Nc3 e6 10. Be2 Be7 11. Bg3 0-0 12. Rc1 a6 13. a4 Rc8 14. Qb3 Ne4 15. Bh2 Nb6 16. g4 Bg6 17. Ne5 Bh7 18. f3 Bh4+ 19. Kd1 Nf2+ 20. Kd2 Nxh1 21. Rxh1 Nd7 22. Qxb7 Nxe5 23. Bxe5 Bf6 24. Bxa6 Bxe5 25. Qxc8 Qb6 26. Qb7 Qxb7 27. Bxb7 Bd6 28. a5 Rb8 29. a6 Rxb7 30. axb7 g5 31. Ra1 1-0

[Event "As Follo CC-ch"]
[Site "As"]
[Date "2013.01.24"]
[Round "2"]
[White "Lea, Per"]
[Black "Stensland, Martin"]
[Result "1-0"]
[WhiteElo "1666"]
[BlackElo "1153"]
[PlyCount "37"]
[EventDate "2013.01.17"]
[EventType "swiss"]
[EventRounds "9"]
[EventCountry "NOR"]
[SourceTitle "EXT 2024"]
[Source "ChessBase"]
[SourceDate "2023.10.10"]
[SourceVersion "1"]
[SourceVersionDate "2023.10.10"]
[SourceQuality "1"]

1. e4 c6 2. d4 d5 3. Nc3 dxe4 4. Nxe4 Bf5 5. Ng3 Bg6 6. Nf3 h6 7. Ne5 Nd7 8. Nxg6 fxg6 9. Bd3 Kf7 10. h4 h5 11. Bc4+ Ke8 12. Qd3 Qa5+ 13. Bd2 Ne5 14. Bxa5 Nxd3+ 15. Bxd3 Kf7 16. 0-0-0 Nf6 17. Ne4 Re8 18. Ng5+ Kg8 19. Bxg6 1-0

[Event "As CC-ch B"]
[Site "As"]
[Date "2012.02.16"]
[Round "4"]
[White "Stensland, Martin"]
[Black "Garmark, Vegard"]
[Result "0-1"]
[WhiteElo "1180"]
[BlackElo "1238"]
[PlyCount "82"]
[EventDate "2012.01.19"]
[EventType "tourn"]
[EventRounds "10"]
[EventCountry "NOR"]
[SourceTitle "EXT 2024"]
[Source "ChessBase"]
[SourceDate "2023.10.10"]
[SourceVersion "1"]
[SourceVersionDate "2023.10.10"]
[SourceQuality "1"]

1. d4 d5 2. Bf4 Nf6 3. e3 e6 4. Nc3 Bd7 5. Nf3 a6 6. Bd3 Be7 7. Bg5 Nc6 8. a3 h6 9. Bh4 Bd6 10. Nd2 g5 11. Bg3 e5 12. dxe5 Nxe5 13. Be2 Bc6 14. Bxe5 Bxe5 15. Bg4 d4 16. exd4 Qxd4 17. Qe2 Nxg4 18. 0-0-0 0-0-0 19. Nb3 Qxf2 20. Qxg4+ f5 21. Qc4 Bf4+ 22. Kb1 Bxg2 23. Rhe1 Rxd1+ 24. Rxd1 Re8 25. Qf7 Qe3 26. Qxf5+ Kb8 27. Qf6 Qe6 28. Rd8+ Rxd8 29. Qxe6 h5 30. Qe7 Rh8 31. Qf6 Re8 32. h4 Rg8 33. Qf7 Rh8 34. Qg7 Re8 35. hxg5 h4 36. Qf6 Be5 37. Qf2 h3 38. Qg1 Rh8 39. Nc5 Bc6 40. N5e4 Bxc3 41. bxc3 Bxe4 0-1

[Event "As Follo CC-ch"]
[Site "As"]
[Date "2011.02.17"]
[Round "4"]
[White "Lea, Per"]
[Black "Stensland, Martin"]
[Result "1-0"]
[WhiteElo "1566"]
[BlackElo "1168"]
[PlyCount "55"]
[EventDate "2011.01.20"]
[EventType "tourn"]
[EventRounds "13"]
[EventCountry "NOR"]
[SourceTitle "EXT 2024"]
[Source "ChessBase"]
[SourceDate "2023.10.10"]
[SourceVersion "1"]
[SourceVersionDate "2023.10.10"]
[SourceQuality "1"]

1. e4 e5 2. Nf3 Nc6 3. Bc4 Nf6 4. Ng5 d5 5. exd5 Nxd5 6. Nxf7 Kxf7 7. Qf3+ Ke7 8. Bxd5 Nd4 9. Qe4 Nxc2+ 10. Kd1 Qd6 11. Kxc2 g6 12. d3 Bg7 13. Bg5+ Bf6 14. Bxf6+ Qxf6 15. Rf1 Bf5 16. Qb4+ Qd6 17. Qxd6+ cxd6 18. Bxb7 Rab8 19. Bd5 Rb6 20. Nc3 Rc8 21. Rae1 Rb5 22. Bb3 Rb4 23. Kd2 Rd4 24. Re3 Rb8 25. f4 e4 26. Nxe4 Kd8 27. Kc3 Rbb4 28. a3 1-0